000 00373nam a2200157Ia 4500
003 0STCL
008 150530s9999 xx 000 0 und d
040 _aSTCL
_cSTCL
100 _aNevins Allan and Commager, H.S.
245 _aPocket History of the united States
260 _c1969
546 _aEnglish
942 _2ddc
_cBK
999 _c72037
_d72037
005 20220125171504.0